[Event "USA-ch GpA"]
[Site "San Diego"]
[Date "2006.03.05"]
[Round "3"]
[White "Tate, Emory"]
[Black "Goletiani, Rusudan"]
[Result "0-1"]
[WhiteElo "2391"]
[BlackElo "2378"]

1. c4 c5 2. Nf3 Nf6 3. d4 cxd4 4. Nxd4 b6 5. Nc3 Bb7 6. f3 a6 7. e4 d6 8. Be3  e6 9. Qd2 Nbd7 10. Bd3 Rc8 11. O-O Be7 12. b3 O-O 13. Rae1 Qc7 14. Rc1 Rfe8 15.  Qf2 Bf8 16. Bb1 Qb8 17. Rfd1 g6 18. Nde2 Ba8 19. a4 d5 20. cxd5 exd5 21. exd5  b5 22. axb5 axb5 23. Bf4 Qb7 24. d6 Qb8 25. h3 b4 26. Ne4 Nxe4 27. Rxc8 Qxc8  28. fxe4 Bxe4 29. Bxe4 Rxe4 30. Ng3 Re6 31. Qa7 Qd8 32. Qc7 Qf6 33. Rf1 Bxd6  34. Bxd6 Qd4+ 35. Kh1 Qxd6 36. Qd8+ Nf8 37. Qg5 Qe7 38. Qd2 Re3 39. Rf3 Rxf3  40. gxf3 Qe6 41. Kg2 Qxb3 42. Ne4 Ne6 43. Kg3 Kg7 44. Nc5 Nxc5 45. Qd4+ f6 46.  Qxc5 Qc3 47. Qe7+ Kh6 48. Kg4 Qd4+ 49. f4 f5+ 50. Kg3 Qe4 51. Qc7 Qe3+ 52. Kg2  b3 53. Qb8 Qe2+ 54. Kg3 b2 55. Qf8+ Kh5 56. Qf6 Qd3+ 57. Kg2 Qc2+ 58. Kg3 Qb3+  59. Kh2 h6 60. Qe7 Qc2+ 61. Kg3 Qd3+ 0-1

[Event "World op 34th"]
[Site "Philadelphia"]
[Date "2006.06.30"]
[Round "3"]
[White "Tate, Emory"]
[Black "Vescovi, Giovanni"]
[Result "0-1"]
[WhiteElo "2384"]
[BlackElo "2622"]

1. e4 c6 2. Nc3 d5 3. Nf3 dxe4 4. Nxe4 Nd7 5. Bc4 e6 6. Qe2 h6 7. d4 Ngf6 8.  Ng3 Bd6 9. Bd2 O-O 10. O-O Qc7 11. Rfe1 b6 12. Ne5 c5 13. c3 Bb7 14. f4 a6 15.  f5 cxd4 16. Nxd7 Nxd7 17. fxe6 Ne5 18. exf7+ Kh8 19. Bb3 d3 20. Qh5 Nxf7 21.  Nf5 Ng5 22. Nxd6 Qxd6 23. Bxg5 Qc5+ 24. Kh1 Bxg2+ 25. Kxg2 Rf2+ 26. Kg3 Raf8  27. Re6 Qc7+ 0-1

[Event "Curacao op"]
[Site "Willemstad"]
[Date "2006.07.26"]
[Round "5"]
[White "Tate, Emory"]
[Black "Shabalov, Alexander"]
[Result "1-0"]
[WhiteElo "2380"]
[BlackElo "2604"]

1. e4 c5 2. Nf3 d6 3. d4 cxd4 4. Nxd4 Nf6 5. Nc3 g6 6. Be3 Bg7 7. f3 a6 8. Qd2  b5 9. Bd3 Bb7 10. a4 b4 11. Nce2 a5 12. Bh6 O-O 13. Bxg7 Kxg7 14. h4 e5 15. Nb5  d5 16. exd5 Bxd5 17. h5 Rh8 18. h6+ Kf8 19. Be4 Nc6 20. Bxd5 Qxd5 21. Qg5 Ne8  22. Rd1 Qe6 23. O-O Ne7 24. f4 Nf5 25. fxe5 Qxe5 26. Rf2 Qe7 27. Qf4 Qe3 28.  Qc4 Nxh6 29. Rd3 Qe5 30. Rdf3 Qe7 31. Ned4 Kg8 32. Nc6 Qe1+ 33. Rf1 Qe6 34.  Rxf7 1-0

[Event "US op 107th"]
[Site "Chicago"]
[Date "2006.08.07"]
[Round "3"]
[White "Tate, Emory"]
[Black "Bady, Glenn"]
[Result "1-0"]
[WhiteElo "2380"]
[BlackElo "2227"]

1. e4 c5 2. Nf3 d6 3. d4 cxd4 4. Nxd4 Nf6 5. f3 a6 6. c4 Nc6 7. Nc3 Qb6 8. Nc2  g6 9. Nd5 Nxd5 10. cxd5 Nb4 11. Ne3 Qa5 12. Kf2 Bh6 13. a3 Bd7 14. Qd4 1-0

[Event "US op 107th"]
[Site "Chicago"]
[Date "2006.08.11"]
[Round "7"]
[White "Tate, Emory"]
[Black "Karklins, Andrew"]
[Result "1/2-1/2"]
[WhiteElo "2380"]
[BlackElo "2224"]

1. Nf3 Nf6 2. c4 e6 3. b3 d5 4. g3 dxc4 5. bxc4 b6 6. Bg2 Bb7 7. O-O Nbd7 8. d4  Bb4 9. a3 Ba5 10. Ra2 b5 11. Rb2 a6 12. a4 Nb6 13. cxb5 axb5 14. axb5 Nc4 15.  Rb3 Bd5 16. Ne5 Bxg2 17. Kxg2 Qd5+ 18. f3 Nxe5 19. dxe5 Qxd1 20. Rxd1 Nd7 21.  Ra3 Ke7 22. Ra4 Rhb8 23. Rh4 h6 24. Rg4 Rxb5 25. Ba3+ c5 26. Rxg7 Nxe5 27. Rc1  Kf6 28. Rg4 Nxg4 29. fxg4 Rab8 30. Nc3 Bxc3 31. Rxc3 Rb3 32. Rxb3 Rxb3 33. Bxc5  Kg6 34. Bd6 Rb2 35. Kf3 Ra2 36. Be7 Ra7 37. Bc5 Rd7 38. Be3 Rd5 39. h4 h5 40.  gxh5+ Kxh5 41. Bf4 Rb5 42. Bg5 Rb3+ 43. e3 f5 44. Bf4 Rb4 45. Bd6 Ra4 46. Bf4  Kg6 47. Be5 Re4 48. Bf4 e5 49. Bg5 Ra4 50. Bd8 Kh5 51. Bc7 e4+ 52. Kf4 Kg6 53.  Be5 Ra3 54. Bd4 Ra5 55. Be5 Ra3 1/2-1/2

[Event "US op 107th"]
[Site "Chicago"]
[Date "2006.08.13"]
[Round "9"]
[White "Tate, Emory"]
[Black "Terrie, Henry L"]
[Result "1-0"]
[WhiteElo "2380"]
[BlackElo "2106"]

1. e4 e5 2. Nf3 Nc6 3. d4 exd4 4. Bc4 Nf6 5. Ng5 d5 6. exd5 Qe7+ 7. Kf1 Ne5 8.  Qxd4 Nxc4 9. Qxc4 Qc5 10. Qe2+ Be7 11. c4 Nxd5 12. Ne4 Qc6 13. Bg5 Nf6 14. Bxf6  gxf6 15. Nbc3 Be6 16. Nd5 f5 17. Nec3 a6 18. Qe5 Rg8 19. Rd1 Qxc4+ 20. Kg1 Kf8  21. Nxe7 Kxe7 22. Nd5+ Kf8 23. Nf6 Rg7 24. h3 Qc6 25. g3 h6 26. h4 Qf3 27. Qc5#  1-0

[Event "Calvia op 3rd"]
[Site "Calvia"]
[Date "2006.10.20"]
[Round "1"]
[White "Tate, Emory"]
[Black "Pozzo, Sebastian"]
[Result "1-0"]
[WhiteElo "2413"]
[BlackElo "1990"]

1. e4 c5 2. Nf3 Nc6 3. d4 cxd4 4. Nxd4 Nf6 5. Nc3 e5 6. Ndb5 d6 7. a4 a6 8. Na3  Be7 9. Nc4 Be6 10. Be3 d5 11. exd5 Nxd5 12. Nxd5 Qxd5 13. Qxd5 Bxd5 14. Nb6 Rd8  15. Nxd5 Rxd5 16. Bc4 Rd7 17. Rd1 Rxd1+ 18. Kxd1 Bd6 19. Kc1 Ke7 20. Rd1 f6 21.  h4 Rc8 22. Bd3 Nb4 23. Bxh7 Rc4 24. g3 e4 25. Rd2 Nd3+ 26. Kb1 Ne5 27. b3 Rb4  28. Ka2 Nf3 29. Rd1 Be5 30. Bc5+ 1-0

[Event "Calvia op 3rd"]
[Site "Calvia"]
[Date "2006.10.22"]
[Round "3"]
[White "Tate, Emory"]
[Black "Linik, Yaron"]
[Result "1-0"]
[WhiteElo "2413"]
[BlackElo "2150"]

1. e4 e6 2. d3 d5 3. Nd2 Nf6 4. Ngf3 Bc5 5. e5 Nfd7 6. c3 O-O 7. d4 Bb6 8. Bd3  c5 9. h4 h6 10. dxc5 Bc7 11. g4 Nxc5 12. Bc2 Nc6 13. g5 Nxe5 14. Nxe5 Bxe5 15.  Nf3 Qd6 16. gxh6 g6 17. h5 Ne4 18. h7+ Kxh7 19. hxg6+ Kg8 20. g7 Bxg7 21. Bxe4  f5 22. Bc2 e5 23. Bb3 Rd8 24. Bg5 Rd7 25. c4 e4 26. Nh4 f4 27. Qxd5+ Qxd5 28.  cxd5 Bxb2 29. Rd1 Bc3+ 30. Kf1 b6 31. d6+ Kg7 32. Be6 Ba6+ 33. Kg1 Be2 34. Nf5+  Kg6 35. Bxf4 Rh7 36. Rxh7 Kxh7 37. Rc1 1-0

[Event "Calvia op 3rd"]
[Site "Calvia"]
[Date "2006.10.24"]
[Round "5"]
[White "Tate, Emory"]
[Black "Dziuba, Marcin"]
[Result "0-1"]
[WhiteElo "2413"]
[BlackElo "2535"]

1. e4 c6 2. d4 d5 3. e5 Bf5 4. g4 Be4 5. f3 Bg6 6. Ne2 e6 7. h4 f6 8. Nf4 Bf7  9. Qe2 fxe5 10. dxe5 Ne7 11. Nd2 Nd7 12. h5 Qc7 13. Nd3 c5 14. f4 Nc6 15. Nf3  Be7 16. Bh3 c4 17. Nf2 O-O-O 18. O-O g6 19. h6 g5 20. Re1 gxf4 21. Bxf4 Bg6 22.  g5 Rhf8 23. Bh2 Nc5 24. Rad1 Qb6 25. c3 Kb8 26. Kg2 Ne4 27. Bg1 Qc7 28. Bxe6  Nxf2 29. Qxf2 Bh5 30. Bxd5 Rxd5 31. Rxd5 Bxf3+ 32. Qxf3 Rxf3 33. Kxf3 Bxg5 34.  Red1 Qf7+ 35. Kg2 Qg6 36. Rd6 Qe4+ 0-1

[Event "Calvia op 3rd"]
[Site "Calvia"]
[Date "2006.10.26"]
[Round "7"]
[White "Tate, Emory"]
[Black "Gajewski, Grzegorz"]
[Result "0-1"]
[WhiteElo "2413"]
[BlackElo "2515"]

1. e4 e5 2. Bc4 Nf6 3. d3 Nc6 4. Nf3 Bc5 5. Be3 Bxe3 6. fxe3 d5 7. exd5 Nxd5 8.  Qd2 O-O 9. O-O Qd6 10. Bxd5 Qxd5 11. Nc3 Qd6 12. e4 Be6 13. Nh4 Nd4 14. Kh1 f6  15. Nf5 Qb4 16. Qc1 Nxf5 17. exf5 Bd7 18. Ne4 Bc6 19. Re1 Rad8 20. a3 Qd4 21.  b4 Bd7 22. Rf1 b6 23. Rb1 Rf7 24. Qe1 Bc6 25. Nc3 Bb7 26. Rf2 c5 27. Nb5 Qd5  28. Nc3 Qc6 29. bxc5 Qxc5 30. a4 Rfd7 31. Re2 Rc8 32. Nd1 Bc6 33. Rb4 Rcd8 34.  Ne3 Rd4 35. Rxd4 Rxd4 36. a5 Qxa5 37. Qxa5 bxa5 38. Kg1 a4 39. Re1 Rb4 40. Kf2  h5 41. g3 h4 42. Ke2 Kh7 43. Kd2 Kh6 44. Kc3 a5 45. Nc4 Rb5 46. gxh4 Bd7 47.  Ra1 Rd5 48. Rf1 Rd4 49. Nxa5 Rxh4 50. Rf2 Rf4 51. Rxf4 exf4 52. Kd2 a3 53. Nb3  a2 54. c4 Kg5 55. d4 Kxf5 56. Kd3 Kg4 57. Ke2 Kh3 58. Kf2 Kxh2 59. d5 g5 60. c5  g4 0-1

[Event "Calvia op 3rd"]
[Site "Calvia"]
[Date "2006.10.28"]
[Round "9"]
[White "Tate, Emory"]
[Black "Bartel, Mateusz"]
[Result "0-1"]
[WhiteElo "2413"]
[BlackElo "2569"]

1. Nf3 f5 2. b4 d6 3. c4 g6 4. Bb2 Nf6 5. Bxf6 exf6 6. e3 Be6 7. Nc3 c6 8. Rb1  Nd7 9. d4 a5 10. d5 Bf7 11. dxc6 bxc6 12. a3 axb4 13. axb4 Ne5 14. Nxe5 fxe5  15. Be2 Bg7 16. e4 O-O 17. O-O fxe4 18. Nxe4 d5 19. cxd5 cxd5 20. Nc5 e4 21.  Bg4 Qe7 22. Qd2 h5 23. Bh3 Kh7 24. Rfe1 Bg8 25. f3 Ra3 26. fxe4 Bc3 27. Qc1  Bxe1 28. Qxa3 Bf2+ 29. Kh1 dxe4 30. Nd7 Rf7 31. Qb2 e3 32. Qe2 Rf4 33. Rc1 Bc4  34. Rxc4 Rxc4 35. Qxc4 e2 36. Nf8+ Kh6 37. Qc1+ Qe3 0-1

[Event "Minneapolis HB Global op"]
[Site "Minneapolis"]
[Date "2005.05.18"]
[Round "1"]
[White "Tate, Emory"]
[Black "Hook, William"]
[Result "1-0"]
[WhiteElo "2335"]
[BlackElo "2127"]

1. e4 e6 2. Nf3 d5 3. e5 b6 4. Nc3 Ne7 5. d4 Qd7 6. Bb5 c6 7. Ba4 a5 8. Bb3 Ba6  9. a4 h6 10. h4 Nc8 11. Ne2 Bxe2 12. Qxe2 Na6 13. O-O Qb7 14. c3 Na7 15. Bc2 c5  16. Be3 Nc6 17. Bd3 Nc7 18. Ne1 O-O-O 19. f4 f6 20. h5 f5 21. g4 c4 22. Bc2 Ne7  23. Ng2 g6 24. Nh4 gxh5 25. gxf5 Rg8+ 26. Kh2 Rg4 1-0

[Event "Minneapolis HB Global op"]
[Site "Minneapolis"]
[Date "2005.05.20"]
[Round "5"]
[White "Tate, Emory"]
[Black "Moiseenko, Alexander"]
[Result "0-1"]
[WhiteElo "2335"]
[BlackElo "2665"]

1. e4 c5 2. Nf3 Nc6 3. d4 cxd4 4. Nxd4 Nf6 5. Nc3 e5 6. Ndb5 d6 7. a4 a6 8. Na3  Be7 9. Be3 Ng4 10. Nc4 Nxe3 11. Nxe3 O-O 12. Ncd5 Bg5 13. Bc4 Be6 14. O-O Kh8  15. c3 g6 16. Qe2 f5 17. exf5 gxf5 18. f3 Ne7 19. Nxe7 Qxe7 20. Nd5 Qf7 21. Nb6  Bd8 22. Nxa8 Bxc4 23. Qf2 Bxf1 24. Rxf1 Qe8 25. f4 Qxa4 26. fxe5 dxe5 27. Qc5  Qe8 28. Rd1 Qe7 29. Qxe7 Bxe7 30. Nc7 Rd8 31. Nd5 Kg7 32. Kf2 Kf7 33. Kf3 h5  34. g3 Rd7 35. c4 Bc5 36. Re1 Bd4 37. b3 a5 38. Re2 b5 39. Ra2 bxc4 40. bxc4  Ra7 41. Ra4 Ke6 42. Ke2 Bc5 43. Kf3 e4+ 44. Ke2 h4 45. Nf4+ Kf6 46. gxh4 Bd6  47. Nd5+ Ke5 48. Nc3 Bb4 49. Nd5 Bc5 50. h5 f4 51. h6 f3+ 52. Kd2 Kd4 53. h4  e3+ 54. Nxe3 Bb4+ 55. Rxb4 axb4 56. Nf5+ Kxc4 57. Nd6+ Kd5 58. Ne8 f2 0-1

[Event "Las Vegas National op"]
[Site "Las Vegas"]
[Date "2005.06.11"]
[Round "4"]
[White "Tate, Emory"]
[Black "Burgess, Jon Lee"]
[Result "1-0"]
[WhiteElo "2335"]
[BlackElo "2196"]

1. e4 c5 2. Nf3 d6 3. d4 cxd4 4. Nxd4 Nf6 5. f3 a6 6. c4 e6 7. Nc3 Be7 8. Be3  Nbd7 9. Be2 Qc7 10. Rc1 b6 11. O-O Bb7 12. Qd2 O-O 13. Rfd1 Ne5 14. b3 Rac8 15.  Bf1 Qb8 16. Qf2 d5 17. exd5 exd5 18. Nf5 Ba3 19. Rb1 Rfe8 20. Bxb6 Bb4 21. Bd4  dxc4 22. bxc4 Bf8 23. Qb2 g6 24. Ne3 Rcd8 25. Qxb7 Qxb7 26. Rxb7 Rxd4 27. Rxd4  Bc5 28. Ne4 Nxe4 29. Rxe4 f5 30. Rc7 Bb6 31. Rc6 1-0

[Event "Vlaardingen op act"]
[Site "Vlaardingen"]
[Date "2005.09.??"]
[Round "3"]
[White "Tate, Emory"]
[Black "Andersson, Ulf"]
[Result "1/2-1/2"]
[WhiteElo "2335"]
[BlackElo "2584"]

1. e4 c5 2. Nf3 e6 3. d4 cxd4 4. Nxd4 Nc6 5. Nc3 a6 6. f4 Qc7 7. Be3 b5 8. Qf3  Bb7 9. Bd3 Nf6 10. O-O-O Rc8 11. Kb1 Na5 12. g4 Nc4 13. Bxc4 Qxc4 14. g5 b4 15.  gxf6 bxc3 16. b3 Qb4 17. f5 e5 18. Qg3 1/2-1/2

[Event "Hoogeveen Essent op"]
[Site "Hoogeveen"]
[Date "2005.10.21"]
[Round "1"]
[White "Tate, Emory"]
[Black "Van Weersel, Arlette"]
[Result "1-0"]
[WhiteElo "2371"]
[BlackElo "2174"]

1. e4 e5 2. Nf3 Nc6 3. c3 Nf6 4. d4 exd4 5. e5 Nd5 6. Bb5 Be7 7. O-O O-O 8. Re1  a6 9. Bxc6 dxc6 10. Nxd4 c5 11. Ne2 c4 12. Nd2 b5 13. a4 c6 14. Nd4 Qd7 15.  axb5 cxb5 16. Qf3 Rb8 17. Ne4 Rb6 18. Ng3 Bb7 19. Ndf5 Rg6 20. Rd1 Qe6 21. Be3  Nxe3 22. Qxe3 Bg5 23. f4 Be7 24. Qa7 h5 25. Qxb7 Bc5+ 26. Nd4 h4 27. f5 1-0

[Event "Hoogeveen Essent op"]
[Site "Hoogeveen"]
[Date "2005.10.23"]
[Round "3"]
[White "Tate, Emory"]
[Black "Giddins, Stephen"]
[Result "1-0"]
[WhiteElo "2371"]
[BlackElo "2200"]

1. Nf3 Nf6 2. c4 b6 3. g3 c5 4. Bg2 Bb7 5. O-O e6 6. Nc3 a6 7. b3 Be7 8. Ba3 d5  9. cxd5 Nxd5 10. Nxd5 Bxd5 11. d4 Nd7 12. Rc1 O-O 13. e3 Qb8 14. Re1 Qb7 15. e4  Bc6 16. d5 Bb5 17. Bb2 Nf6 18. d6 Bd8 19. Bxf6 gxf6 20. Qd2 Bc6 21. Qh6 1-0

[Event "Hoogeveen Essent op"]
[Site "Hoogeveen"]
[Date "2005.10.25"]
[Round "5"]
[White "Tate, Emory"]
[Black "Fominykh, Maria"]
[Result "1-0"]
[WhiteElo "2371"]
[BlackElo "2335"]

1. Nf3 Nf6 2. c4 g6 3. b4 a5 4. b5 Bg7 5. Bb2 O-O 6. g3 c6 7. a4 d5 8. Na3 Nbd7  9. Bg2 Re8 10. Rc1 e5 11. bxc6 bxc6 12. cxd5 Nxd5 13. O-O Rb8 14. Ba1 N7b6 15.  d4 Bh6 16. Nxe5 Bxc1 17. Qxc1 Bb7 18. e4 Nf6 19. f4 Re6 20. f5 Rd6 21. fxg6  fxg6 22. Nac4 Rxd4 23. Bh3 Bc8 24. Qh6 Rd1 25. Nxc6 Bxh3 26. Qxh3 Qe8 27. Rxd1  Qxc6 28. Nd6 Qd7 29. Qf1 Ng4 30. h3 Rf8 31. Qd3 Nf2 32. Qd4 Nxh3+ 33. Kh2 Rf2+  34. Kh1 Kf8 35. Qh8+ Ke7 36. Qxh7+ Kd8 37. Qh8+ Ke7 38. Nf5+ gxf5 39. Qh7+ Kd8  40. Rxd7+ Nxd7 41. Qxh3 fxe4 42. Bd4 Rd2 43. Bc3 Rd5 44. Qe6 Rc5 45. Bd2 Re5  1-0

[Event "Hoogeveen Essent op"]
[Site "Hoogeveen"]
[Date "2005.10.27"]
[Round "7"]
[White "Tate, Emory"]
[Black "Slingerland, Fred"]
[Result "1-0"]
[WhiteElo "2371"]
[BlackElo "2325"]

1. e4 c5 2. Nf3 Nc6 3. Nc3 g6 4. d4 cxd4 5. Nxd4 Bg7 6. Be3 Nf6 7. Nb3 O-O 8.  Be2 d6 9. O-O Be6 10. f4 Qc8 11. Kh1 Bg4 12. Bxg4 Qxg4 13. Qd2 Rac8 14. Rae1  Nh5 15. Nd1 e5 16. f5 Nf6 17. Nf2 Qh5 18. Bg5 h6 19. Bxf6 Bxf6 20. Qxd6 Bh4 21.  Qd1 Qxd1 22. Rxd1 Bxf2 23. Rxf2 Rfd8 24. Rfd2 Rxd2 25. Rxd2 gxf5 26. exf5 Kg7  27. g4 Nd4 28. Nxd4 exd4 29. Kg2 Kf6 30. Kf3 Ke5 31. Re2+ Kd5 32. h4 f6 33. g5  hxg5 34. hxg5 fxg5 35. Kg4 Rg8 36. f6 b5 37. Kf5 g4 38. f7 Rf8 39. Kf6 1-0

[Event "National op g/5'"]
[Site "Las Vegas"]
[Date "2004.06.17"]
[Round "4"]
[White "Tate, Emory"]
[Black "Blatny, Pavel"]
[Result "1/2-1/2"]
[WhiteElo "2340"]
[BlackElo "2451"]

1. e4 b6 2. d4 Bb7 3. Nc3 e6 4. f3 d5 5. Nh3 Bb4 6. e5 c5 7. a3 cxd4 8. axb4  dxc3 9. bxc3 Qc7 10. f4 Qxc3+ 11. Bd2 Qd4 12. Be2 Ne7 13. c3 Qe4 14. Ng5 Qf5  15. Bg4 Qd3 16. Be2 Qf5 17. Bg4 Qd3 18. Be2 1/2-1/2

[Event "National op g/5'"]
[Site "Las Vegas"]
[Date "2004.06.17"]
[Round "6"]
[White "Tate, Emory"]
[Black "Golod, Vitali"]
[Result "0-1"]
[WhiteElo "2340"]
[BlackElo "2552"]

1. e4 e5 2. Nf3 Nc6 3. Bb5 a6 4. Ba4 Nf6 5. O-O Nxe4 6. d4 b5 7. Bb3 d5 8. a4  Be6 9. axb5 axb5 10. Rxa8 Qxa8 11. Nxe5 Nxe5 12. dxe5 c5 13. c3 c4 14. Bc2 Bc5  15. Qe2 O-O 16. Be3 Bxe3 17. Qxe3 Bf5 18. f3 Nd6 19. exd6 Bxc2 20. Qc5 Bd3 21.  Re1 Re8 22. Re7 Bxb1 23. d7 Rf8 24. Qxb5 Bf5 25. Re8 Bxd7 26. Rxf8+ Kxf8 27.  Qxd7 Qa1+ 28. Kf2 Qxb2+ 29. Kg3 Qb8+ 30. f4 Qa8 31. Qd6+ Kg8 32. f5 h6 33. f6  g5 34. h4 Qa1 35. Qe5 gxh4+ 36. Kh2 Qa7 37. Qxd5 Qc7+ 38. Kg1 Qf4 39. Qd8+ Kh7  40. Qe7 Kg6 41. Qd8 Qxf6 42. Qg8+ Qg7 43. Qc8 Qxc3 44. Qc6+ Qf6 45. Qxc4 0-1

[Event "Atlantic op 35th"]
[Site "Washington DC"]
[Date "2004.08.28"]
[Round "4"]
[White "Tate, Emory"]
[Black "Shibut, Macon A"]
[Result "1-0"]
[WhiteElo "2340"]
[BlackElo "2313"]

1. e4 Nc6 2. Nf3 d6 3. d4 Nf6 4. d5 Ne5 5. Nc3 Nxf3+ 6. gxf3 c6 7. Bg5 e5 8.  dxe6 Bxe6 9. f4 h6 10. Bh4 Be7 11. f5 Bd7 12. Qf3 Qa5 13. O-O-O O-O-O 14. Rg1  Rhg8 15. Bg3 Qc5 16. Bf4 Be8 17. Bh3 Bd7 18. Rge1 Nh7 19. e5 Ng5 20. Qg2 Nxh3  21. Qxh3 dxe5 22. Rxe5 Qxf2 23. Bg3 Bg5+ 24. Kb1 Qb6 25. Ne4 Bf6 26. Nd6+ Kb8  27. Nc4 Bc8 28. Ra5+ 1-0

[Event "Lindsborg op"]
[Site "Lindsborg"]
[Date "2004.12.18"]
[Round "3"]
[White "Tate, Emory"]
[Black "Becerra Rivero, Julio"]
[Result "0-1"]
[WhiteElo "2334"]
[BlackElo "2537"]

1. e4 e5 2. Nf3 Nc6 3. Bb5 a6 4. Bxc6 dxc6 5. Nc3 f6 6. d4 exd4 7. Qxd4 Qxd4 8.  Nxd4 Bd6 9. O-O Ne7 10. f4 Bd7 11. Be3 O-O-O 12. Nb3 b6 13. a3 Rhe8 14. Rad1  Nd5 15. Nxd5 cxd5 16. e5 Bb5 17. exd6 Bxf1 18. dxc7 Rd6 19. Bxb6 Be2 20. Bc5  Bxd1 21. Bxd6 Re1+ 22. Kf2 Re6 23. Bf8 Re2+ 24. Kg3 Rxc2 25. Nd4 Rxc7 26. Ne6  Rd7 27. Bxg7 d4 28. Bxf6 d3 29. Nc5 d2 30. Ne4 Bc2 31. Nxd2 Rxd2 32. Bc3 Re2  0-1

[Event "Lindsborg op"]
[Site "Lindsborg"]
[Date "2004.12.19"]
[Round "5"]
[White "Tate, Emory"]
[Black "Ellis, James S"]
[Result "1-0"]
[WhiteElo "2334"]
[BlackElo "2128"]

1. e4 c5 2. Nf3 d6 3. d4 cxd4 4. Nxd4 Nf6 5. Nc3 Nc6 6. f3 e5 7. Nb3 Be7 8. Be3  O-O 9. Qd2 a5 10. Bb5 Na7 11. Be2 Nc6 12. Nd5 Nxd5 13. exd5 a4 14. Nc1 a3 15.  b4 Nd4 16. c4 Bf5 17. Bxd4 exd4 18. O-O Re8 19. Bd3 Qd7 20. Bxf5 Qxf5 21. Ne2  d3 22. Ng3 Qg6 23. Ne4 f5 24. Nf2 Bf6 25. Rae1 Rxe1 26. Rxe1 Re8 27. Nxd3 1-0

[Event "New York Masters 59th"]
[Site "New York"]
[Date "2003.06.03"]
[Round "2"]
[White "Tate, Emory"]
[Black "Wojtkiewicz, Aleksander"]
[Result "0-1"]
[WhiteElo "2353"]
[BlackElo "2566"]

1. e4 c5 2. Nf3 g6 3. d4 Bg7 4. Be2 cxd4 5. Nxd4 Nc6 6. Nb3 Nf6 7. Nc3 O-O 8.  O-O d6 9. Bg5 a6 10. f4 b5 11. Bf3 Bb7 12. Qe1 Nd7 13. a3 h6 14. Bh4 Nb6 15.  Rd1 Nc4 16. e5 Nxb2 17. exd6 Nxd1 18. Nxd1 Qxd6 19. Ne3 e6 20. Ng4 f5 21. Ne5  Nxe5 22. fxe5 Qc7 23. Bxb7 Qxb7 24. Nc5 Qd5 25. Nd3 g5 26. Bf2 Rac8 27. Qa5  Bxe5 28. Qxa6 Bd6 29. a4 Rxc2 30. Qxb5 Qxb5 31. axb5 Rb8 32. Rb1 Rc3 33. Ne1  Bc5 34. Nf3 Bxf2+ 35. Kxf2 Rc5 36. Nd4 Rd5 37. Rb4 Kf7 38. b6 Rxd4 39. Rxd4  Rxb6 40. Rd7+ Kf6 41. Rh7 Kg6 42. Re7 f4 43. Re8 Kf5 0-1

[Event "Vermont CCA op"]
[Site "Stratton Mountain"]
[Date "2003.06.06"]
[Round "5"]
[White "Tate, Emory"]
[Black "Kiriakov, Petr"]
[Result "0-1"]
[WhiteElo "2353"]
[BlackElo "2553"]

1. e4 e6 2. Nf3 d5 3. e5 c5 4. b4 cxb4 5. a3 d4 6. Bb2 Nc6 7. Bb5 Bd7 8. axb4  Bxb4 9. O-O Nge7 10. c3 dxc3 11. dxc3 Bc5 12. Qe2 Ng6 13. Rd1 Qc7 14. c4 O-O  15. Nbd2 a6 16. Ba4 Rfd8 17. Ne4 Be7 18. Nd6 Ncxe5 19. Nxe5 Bxa4 20. Nexf7 Bxd6  21. Nxd8 Nf4 22. Qe4 Bxd1 23. Nxb7 Bc2 0-1

[Event "US op"]
[Site "Los Angeles"]
[Date "2003.08.11"]
[Round "7"]
[White "Tate, Emory"]
[Black "Wojtkiewicz, Aleksander"]
[Result "0-1"]
[WhiteElo "2353"]
[BlackElo "2543"]

1. e4 c5 2. Nc3 g6 3. f4 Bg7 4. Nf3 Nc6 5. d3 d6 6. h3 e5 7. g4 exf4 8. Bxf4 h5  9. gxh5 Rxh5 10. Qd2 Nge7 11. Nb5 Ne5 12. Nxe5 Bxe5 13. Bxe5 Rxe5 14. O-O-O a6  15. d4 Rxe4 16. Qh6 axb5 17. Bxb5+ Nc6 18. Rhe1 Rxe1 19. Rxe1+ Be6 20. d5 Rxa2  21. dxc6 Ra1+ 22. Kd2 Qa5+ 23. c3 bxc6 24. Bxc6+ Kd8 25. Rxe6 fxe6 26. Qxg6 Kc7  27. Be4 Qa4 28. Qxe6 Qd1+ 29. Ke3 Qg1+ 30. Kf4 Qf2+ 31. Bf3 Qh2+ 32. Kg4 Rg1+  33. Kh5 Qe5+ 34. Qxe5 dxe5 35. b4 Rg3 36. Bg4 e4 37. Kh4 Rg2 38. bxc5 e3 39.  Bf3 e2 40. Bxe2 Rxe2 0-1

[Event "World op 30th"]
[Site "Philadelphia"]
[Date "2002.06.29"]
[Round "1"]
[White "Tate, Emory"]
[Black "Vovsha, Eli"]
[Result "0-1"]
[WhiteElo "2352"]
[BlackElo "2411"]

1. c4 d6 2. e4 c5 3. Nf3 Bg4 4. Nc3 Nc6 5. Be2 g6 6. a3 Bg7 7. Rb1 Nf6 8. b4  Bxf3 9. Bxf3 Nd7 10. bxc5 Nxc5 11. O-O Bxc3 12. dxc3 O-O 13. Re1 Ne5 14. Bh6  Re8 15. Be2 f6 16. Be3 b6 17. f4 Nf7 18. Bf3 Rc8 19. h4 Kg7 20. h5 Rc7 21. g4  e5 22. Rb2 exf4 23. Bxf4 Ne6 24. Bg3 Rxc4 25. Rd2 Neg5 26. Bxd6 Qc8 27. Bg2  Nxe4 28. hxg6 hxg6 29. Bf4 Neg5 30. Rd4 Rxe1+ 31. Qxe1 Rxd4 32. cxd4 Qxg4 33.  Qe3 Kh8 34. Bb8 Ne6 35. d5 Nd4 36. Bxa7 Ne2+ 37. Kf2 Nf4 38. Bf3 Qh4+ 39. Kf1  Qh3+ 40. Kf2 Ne5 41. d6 g5 42. Bxb6 Nd5 43. Bg2 Qf5+ 0-1

[Event "Southern California op"]
[Site "Los Angeles"]
[Date "2002.09.02"]
[Round "5"]
[White "Tate, Emory"]
[Black "Peters, John A"]
[Result "1/2-1/2"]
[WhiteElo "2356"]
[BlackElo "2456"]

1. e4 c5 2. Nf3 e6 3. d4 cxd4 4. Nxd4 Nc6 5. Nc3 Qc7 6. f4 a6 7. Be3 b5 8. Qf3  Bb7 9. Bd3 Nf6 10. O-O-O Be7 11. Kb1 d6 12. g4 Nxd4 13. Bxd4 b4 14. Bxf6 Bxf6  15. Ne2 g6 16. g5 Bg7 17. h4 h5 18. gxh6 Rxh6 19. h5 Rxh5 20. Rxh5 gxh5 21. Rg1  Bf6 22. f5 d5 23. c3 Qe5 24. exd5 Bxd5 25. Qxh5 Ke7 26. Qg4 Rb8 27. Rc1 Bxa2+  28. Kxa2 Qa5+ 29. Kb1 bxc3 30. Nxc3 Bxc3 31. Rc2 Qa3 32. Qh4+ Bf6 33. Rc7+ Kd6  34. Qxf6 Qxd3+ 35. Rc2 Qxf5 36. Qd4+ Qd5 37. Qf4+ e5 38. Qf6+ Kd7 39. Qf5+ Ke8  40. Qh7 Rd8 41. Qg8+ Kd7 42. Qg4+ Ke7 43. Qg5+ Ke8 1/2-1/2

[Event "American op 38th"]
[Site "Los Angeles"]
[Date "2002.11.30"]
[Round "5"]
[White "Tate, Emory"]
[Black "Hanken, Jerome B"]
[Result "1/2-1/2"]
[WhiteElo "2368"]
[BlackElo "2089"]

1. e4 g6 2. d4 Bg7 3. Nc3 c6 4. Bc4 b5 5. Bb3 b4 6. Qf3 Nf6 7. e5 bxc3 8. exf6  Bxf6 9. bxc3 O-O 10. Bh6 Re8 11. h4 e5 12. Bg5 exd4+ 13. Ne2 Rxe2+ 14. Kxe2  Qe7+ 15. Kd1 Bxg5 16. Re1 Qf8 17. hxg5 d5 18. cxd4 Be6 19. Ke2 Nd7 20. Kf1 h6  21. gxh6 Qxh6 22. Ba4 Rc8 23. Rab1 Qh4 24. Qg3 Qxg3 25. fxg3 Nb6 26. Bb3 c5 27.  dxc5 Rxc5 28. Re3 a5 29. a4 Nc4 30. Bxc4 Rxc4 31. Ra3 Rxc2 32. Rb5 d4 33. Rxa5  d3 34. Ra8+ Kg7 35. Rd8 d2 36. Rad3 Bc4 37. Ke2 Ra2 38. R8d4 Bxd3+ 39. Rxd3  Rxa4 40. Rxd2 1/2-1/2

[Event "North American op"]
[Site "Las Vegas"]
[Date "2002.12.28"]
[Round "5"]
[White "Tate, Emory"]
[Black "Golod, Vitali"]
[Result "1/2-1/2"]
[WhiteElo "2368"]
[BlackElo "2523"]

1. e4 e5 2. Nf3 Nc6 3. Bb5 a6 4. Bxc6 dxc6 5. b3 f6 6. Bb2 Bg4 7. h3 Bh5 8. d3  c5 9. Nbd2 Ne7 10. Nf1 Nc6 11. Ng3 Bf7 12. O-O Qd7 13. Qd2 O-O-O 14. Rfd1 h5  15. Qe1 h4 16. Nf5 g6 17. Ne3 Nd4 18. Bxd4 cxd4 19. Nc4 g5 20. Nh2 Be6 21. f3  b5 22. Qa5 Qc6 23. Nb2 Kb7 24. Rdb1 Qc3 25. Qxc3 dxc3 26. Nd1 Bc5+ 27. Kf1 Bd4  28. Ke2 c5 29. Ng4 Rhf8 30. a4 Ra8 31. Nde3 Kc6 32. Nh6 Bxe3 33. Kxe3 b4 34.  Ng4 Rad8 35. Ke2 Rd6 36. Ne3 Rfd8 37. Rd1 Rd4 38. Rab1 Kb6 39. Kf2 Kc7 40. Ke2  R8d7 41. Ng4 Rf7 42. Re1 Kd8 43. Kf2 Ke8 44. Ne3 Rfd7 45. Re2 Kf7 46. Ree1 Kg6  47. Re2 1/2-1/2

[Event "National op"]
[Site "Las Vegas"]
[Date "2001.03.11"]
[Round "5"]
[White "Tate, Emory"]
[Black "Xu Jun, "]
[Result "0-1"]
[WhiteElo "2379"]
[BlackElo "2655"]

1. e4 c5 2. Nf3 d6 3. d4 cxd4 4. Nxd4 Nf6 5. Nc3 a6 6. Qf3 e6 7. Be3 Qc7 8.  O-O-O Nbd7 9. Qg3 b5 10. a3 Rb8 11. Bxb5 axb5 12. Ndxb5 Qb7 13. f3 Be7 14. Qxg7  Rg8 15. Qh6 Rg6 16. Qh4 Ne5 17. Ba7 Ra8 18. Qf2 Bd7 19. a4 Bxb5 20. Nxb5 Nc6  21. Bb6 Rxa4 22. b3 Rb4 23. c4 Rxb3 24. Qc2 Rb4 25. Bc7 Ne5 26. Rxd6 Rxc4 27.  Rb6 Rxc2+ 28. Kxc2 Rxg2+ 0-1